| 000 | 00609nam a2200121Ia 4500 | ||
|---|---|---|---|
| 008 | 220615s9999||||xx |||||||||||||| ||und|| | ||
| 245 | 4 | _aThe Essence of Software Engineering | |
| 546 | _aEnglish[eng] | ||
| 650 | _aSoftware Engineering||Software Development||Software Processes||Software Architectures||Software Management | ||
| 700 | _aGruhn, Volker||Striemer, Rüdiger | ||
| 856 | _uhttps://library.oapen.org/bitstream/20.500.12657/27814/1/1002191.pdf||https://library.oapen.org/bitstream/20.500.12657/27814/1/1002191.pdf||https://library.oapen.org/bitstream/20.500.12657/27814/1/1002191.pdf | ||
| 942 | _cEB | ||
| 999 |
_c17126 _d17126 |
||